భారత ప్రధానమంత్రుల రాష్ట్రాలు - Statistics

General Stats
  • This quiz has been taken 6 times
    4 since last reset
  • The average score is 8 of 14
Answer Stats
Hint Answer % Correct
జవాహర్లాల్ నెహ్రూ ఉత్తర ప్రదేశ్
75%
ఇందిరా గాంధీ ఉత్తర ప్రదేశ్
75%
నరేంద్ర మోదీ గుజరాత్
75%
పాములపర్తి వేంకట నరసింహారావు తెలంగాణ
75%
లాల్‌ బహదూర్‌ శాస్త్రి ఉత్తర ప్రదేశ్
75%
విశ్వనాథ్‌ ప్రతాప్‌ సింగ్‌ ఉత్తర ప్రదేశ్
75%
హరదనహళ్ళి దొడ్డేగౌడ దేవేగౌడ కర్నాటక
75%
మన్మోహన్ సింగ్ పంజాబు
50%
చంద్రశేఖర్ ఉత్తర ప్రదేశ్
50%
చరణ్ సింగ్ ఉత్తర ప్రదేశ్
50%
రాజీవ్ గాంధీ మహారాష్ట్ర
25%
మోరార్జీ దేశాయి గుజరాత్
25%
ఇందర్ కుమార్‌ గుజ్రాల్ పంజాబు
25%
అటల్ బిహారీ వాజపేయి మధ్య ప్రదేశ్
0%
No matching quizzes found
Score Distribution
Percent of People with Each Score
Percentile by Number Answered
Your Score History
You have not taken this quiz since the last reset